<The> OECD observer

Saved in:
Bibliographic Details
Format: Serial
Language:English
Published: Paris Organisation for Economic Cooperations and Development 1981
Subjects:
Tags: Add Tag
No Tags, Be the first to tag this record!

MARC

LEADER 00000nas2a22000001 4500
001 s123693
005 20250730114223.2
022 |a 0029-7054 
041 0 |a eng 
044 |a US 
245 1 0 |a <The> OECD observer 
264 1 |a Paris  |b Organisation for Economic Cooperations and Development  |c 1981 
300 |a 1 zv. 
773 0 |w eu_un_cat*s124315 
610 2 0 |a OECD 
610 2 0 |a rozvoj hospodársky 
610 2 0 |a ukazovatele ekonomické 
610 2 0 |a údaje štatistické